00483nam a2200193 a 4500001001300000003000900013005001700022008004100039020001000080082001500090100002400105245003400129260003600163300000900199500003500208505001000243650001200253700002400265nice12345678IN_TiNIC20260116013511.0050524s1995 dela grp 000 0 eng  ac39500a954.6bBIS aBiscoe, C E Tyndale aKashmir in Sunlight and Shade aDelhibMittal Publicationc1995 a315p aincludes index and biblioraphy2 aIndex aKashmir1 aBiscoe, C E Tyndale